The contrast : a comedy, in two acts. As it was performed at the Calcutta Theatre, December the 11th, 1789.

Bibliographic Details
Main Author: Wilton, Mr.
Format: eBook
Language:English
Series:Eighteenth century collections online.
Online Access:Full text online

MARC

Tag First Indicator Second Indicator Subfields
LEADER 00000cam a2200000 4500
001 in00001865699
006 m | d |
007 cr |n||||||||n
008 870430s1789 ii |||| s 00||||eng d
005 20260414191127.2
035 |a (CStRLIN)ESTCN27744 
040 |a Cu-RivES  |c Cu-RivES  |d CStRLIN  |d Thomson Gale  |d UtOrBLW 
100 1 |a Wilton,  |c Mr. 
245 1 4 |a The contrast :  |b a comedy, in two acts. As it was performed at the Calcutta Theatre, December the 11th, 1789. 
264 3 |a [Calcutta] :  |b Printed by Joseph Cooper,  |c 1789. 
300 |a 4 unnumbered pages, 51, 5 unnumbered pages ;  |c 8⁰. 
336 |a text  |b txt  |2 rdacontent 
337 |a computer  |b c  |2 rdamedia 
338 |a online resource  |b cr  |2 rdacarrier 
500 |a Anonymous. By Mr. Wilton. 
500 |a Reproduction of original from the Huntington Library. 
510 4 |a Shaw,  |c 141 
510 4 |a English Short Title Catalog,  |c ESTCN27744. 
533 |a Electronic reproduction.  |b Farmington Hills, Mich. :  |c Thomson Gale,  |d 2003.  |n Available via the World Wide Web.  |n Access limited by licensing agreements  |7 s2003 miunns 
500 |a Electronic resource. 
830 0 |a Eighteenth century collections online. 
856 4 0 |u http://proxy.library.tamu.edu/login?url=https://galenet.galegroup.com/servlet/ECCO?c=1&stp=Author&ste=11&af=BN&ae=N027744&tiPG=1&dd=0&dc=flc&docNum=CW107944557&vrsn=1.0&srchtp=a&d4=0.33&n=10&SU=0LRL+OR+0LRI&locID=txshracd2898  |z Full text online  |t 0 
999 |a MARS 
999 f f |s 9d4b75f9-d72f-30cf-bab1-cc5f9131fa69  |i b3b05d8a-4d1b-34bd-8a57-b05715592d3c  |t 0 
952 f f |a Texas A&M University  |b College Station  |c Electronic Resources  |s www_evans  |d Available Online  |t 0  |h No information provided 
998 f f |t 0  |l Available Online